Obálka
Pro půjčování e-knih musíte být přihlášeni.
Jak si půjčit online?

Muž z Brna na Onom Světě /

Druhý román humorné krimisérie české autorky přesouvá místo činu na Šumavu.

Uloženo v:
Série:Muž z Brna, část 2
Hlavní autor: Klabouchová, Petra, 1980- (Autor)
Médium: E-audiokniha
Jazyk:Czech
Vydáno: V Praze : Motto, 2026
Vydání:1. vydání
Témata:
Příbuzné jednotky:Z cyklu:: Muž z Brna
Tagy:
Žádné tagy
LEADER 03853nam a2200805 i 4500
001 313577
003 CZ PrSKC
005 20260601215746.0
007 ta
008 260416s2026 xr g 000 f cze
015 |a cnb003750888 
020 |a 9788026760597  |q (vázáno) :  |c Kč 399,00 
040 |a ABG001  |b cze  |d ABA001  |e rda 
072 7 |a 821.162.3-3  |x Česká próza  |2 Konspekt 
080 |a 821.162.3-31  |2 MRF 
080 |a (0:82-311.5)  |2 MRF 
100 1 |a Klabouchová, Petra,  |d 1980-  |7 ola2006345384  |4 aut 
245 1 0 |a Muž z Brna na Onom Světě /  |c Petra Klabouchová 
250 |a 1. vydání 
264 1 |a V Praze :  |b Motto,  |c 2026 
300 |a 278 stran ;  |c 21 cm 
336 |a text  |b txt  |2 rdacontent 
337 |a bez média  |b n  |2 rdamedia 
338 |a svazek  |b nc  |2 rdacarrier 
520 2 |a Druhý román humorné krimisérie české autorky přesouvá místo činu na Šumavu.  |b Josef Ječmínek přežil Brno, tak už by ho nemělo nic překvapit. Z bezpečnostních důvodů je však odklizen na Šumavu, kde v utajení zastává funkci mluvčího chráněné krajinné oblasti Onen Svět. Parta místních podivínů mu to ale moc neusnadňuje. Tím spíš, když v osadě dojde k vraždě seniora z Prahy a Josef se stane hlavním podezřelým a hvězdou televizní reality show Česko hledá vraha. Navíc mu jde po krku Američan pátrající po dávném šumavském tajemství, které může ovlivnit pohled na moderní dějiny lidstva. Nakladatelská anotace. 
655 7 |a české romány  |7 fd133974  |2 czenas 
655 7 |a humoristické romány  |7 fd132431  |2 czenas 
655 9 |a Czech fiction  |2 eczenas 
655 9 |a humorous novels  |2 eczenas 
710 2 |a Motto (nakladatelství)  |7 xx0183724  |4 pbl 
787 0 8 |i Z cyklu:  |t Muž z Brna  |g 2 
900 |a ABA001  |b 21 
928 9 |a Albatros Media - Motto 
044 |a xr 
505 0 0 |t 01_UVODNI OBHAJOBA AUTORKY (7 min., 45 sek.) 
505 0 0 |t 02_VELKY AMERICKY PROLOG (42 min., 56 sek.) 
505 0 0 |t 03_MALA ODBOCKA (8 min., 45 sek.) 
505 0 0 |t 04_KAPITOLA 1 (15 min., 3 sek.) 
505 0 0 |t 05_KAPITOLA 2 (12 min., 23 sek.) 
505 0 0 |t 06_KAPITOLA 3 (8 min., 22 sek.) 
505 0 0 |t 07_KAPITOLA 4 (17 min., 18 sek.) 
505 0 0 |t 08_KAPITOLA 5 (3 min., 56 sek.) 
505 0 0 |t 09_KAPITOLA 6 (22 min., 11 sek.) 
505 0 0 |t 10_KAPITOLA 7 (19 min., 28 sek.) 
505 0 0 |t 11_KAPITOLA 8 (6 min., 22 sek.) 
505 0 0 |t 12_KAPITOLA 9 (16 min., 58 sek.) 
505 0 0 |t 13_KAPITOLA 10 (15 min., 54 sek.) 
505 0 0 |t 14_KAPITOLA 11 (21 min., 40 sek.) 
505 0 0 |t 15_KAPITOLA 12 (33 min., 12 sek.) 
505 0 0 |t 16_KAPITOLA 13 (6 min., 49 sek.) 
505 0 0 |t 17_KAPITOLA 14 (17 min., 1 sek.) 
505 0 0 |t 18_KAPITOLA 15 (17 min., 29 sek.) 
505 0 0 |t 19_KAPITOLA 16 (13 min., 56 sek.) 
505 0 0 |t 20_KAPITOLA 17 (13 min., 19 sek.) 
505 0 0 |t 21_KAPITOLA 18 (18 min., 55 sek.) 
505 0 0 |t 22_KAPITOLA 19 (7 min., 50 sek.) 
505 0 0 |t 23_KAPITOLA 20 (18 min., 40 sek.) 
505 0 0 |t 24_KAPITOLA 21 (24 min., 13 sek.) 
505 0 0 |t 25_KAPITOLA 22 (6 min., 14 sek.) 
505 0 0 |t 26_KAPITOLA 23 (10 min., 36 sek.) 
505 0 0 |t 27_KAPITOLA 24 (16 min., 53 sek.) 
505 0 0 |t 28_KAPITOLA 25 (7 min., 39 sek.) 
505 0 0 |t 29_KAPITOLA 26 (10 min., 44 sek.) 
505 0 0 |t 30_KAPITOLA 27 (18 min., 39 sek.) 
505 0 0 |t 31_ZAVERECNE TITULKY (2 min., 14 sek.) 
505 0 0 |t 32_DUHA NAD SUMAVOU (7 min., 22 sek.) 
505 0 0 |t 33_HISTORICKY DOVETEK (2 min., 3 sek.) 
910 |a RBIT002 
998 |d 426374  |a https://core.palmknihy.cz/api/books/426374/cover?tdwlbr  |b https://core.palmknihy.cz/api/books/426374/cover/400?tdwlbr  |c https://core.palmknihy.cz/api/books/426374/cover/50?tdwlbr  |e 2035-12-31  |i 9788026760597  |l 28380  |q 49  |r 1  |s https://www.palmknihy.cz/kniha/426374  |t audiobook  |y 2026  |z 0  |v Muž z Brna  |w 2 
999 |d 313575